Statistics for Name a Valid Gen II Pokémon

Click here to take the quiz!

General Stats

  • This quiz has been taken 36 times
  • The average score is 12 of 20

Answer Stats

Name a valid Gen II Pokémon that...Pokémon% Correct
starts with Q.Quilava | Quagsire | Qwilfish
100%
is Fighting type.Heracross | Tyrogue | Hitmontop
90%
evolves from a Gen I Pokémon.Crobat | Bellossom | Politoed | Slowking | Steelix | Scizor | Kingdra | Porygon2 | Blissey
87%
has a non-alphabetical character in its name.Porygon2 | Ho-oh
87%
has a Mega Evolution.Ampharos | Steelix | Scizor | Heracross | Houndoom | Tyranitar
80%
is Ghost type.Misdreavus
80%
is Ice type.Sneasel | Swinub | Piloswine | Delibird | Smoochum
73%
has a double F.Cleffa | Igglybuff | Flaaffy | Jumpluff | Wobbuffet
70%
is categorized Black.Umbreon | Murkrow | Unown | Sneasel | Houndour | Houndoom
67%
is used by Clair in HeartGold SoulSilver rematch.Kingdra
63%
has Ground as its primary typing.Gligar | Phanpy | Donphan
60%
is catezorized "Pokemon consisting of only a head." (According to Bulbapedia)Sunkern | Misdreavus | Unown | Pineco | Forretress
57%
is catezorized "Pokemon with 2 or more paris of wings." (According to Bulbapedia)Crobat | Yanma | Scizor
50%
has a gender difference.Meganium | Ledyba | Ledian | Xatu | Sudowoodo | Politoed | Aipom | Wooper | Quagsire | Murkrow | Wobbuffet | Girafarig | Gligar | Steelix | Scizor | Heracross | Sneasel | Ursaring | Piloswine | Octillery | Houndoom | Donphan
50%
has a regional variant.Slowking | Corsola
50%
is categorized White.Togepi | Togetic | Mareep | Smeargle | Lugia
50%
has a National Pokedex number divisible by 20Feraligatr | Flaaffy | Misdreavus | Swinub | Magby
43%
was in Indigo League or Orange Islands.Marill | Ho-oh
33%
is catezorized "Pokemon consisting of a head and legs." (According to Bulbapedia)Wooper | Porygon2
23%
can be found on Route 29 in Crystal version.Sentret | Hoothoot | Ledyba | Spinarak | Hoppip | Pineco
20%

Score Distribution

Percentile by Number Answered

Percent of People with Each Score

Your Score History

You have not taken this quiz